Maths aléatoires en 1 minute - Statistiques

Statistiques générales
  • Ce quiz a été pris 17 406 fois
  • Le résultat moyen est 11 sur 15
Statistiques - réponses
Problème Répondre % Correct
11 -10 1
88%
5 + 5 10
88%
9 x 10 90
88%
6 + 4 10
87%
24 : 2 12
87%
18 : 6 3
87%
2 x 32 64
87%
9 + 11 20
86%
15 + 15 30
86%
6 x 6 36
86%
33 + 11 44
86%
5 x 9 45
86%
3 x 2 6
86%
8 x 10 80
86%
98 - 7 91
86%
5 x 2 10
85%
11 - 1 10
85%
5 x 4 20
85%
17 + 3 20
85%
5 x 6 30
85%
3 x 10 30
85%
15 x 2 30
85%
3 x 11 33
85%
6 + 28 34
85%
33 + 4 37
85%
24 : 6 4
85%
11 - 6 5
85%
100 : 2 50
85%
44 + 22 66
85%
1 + 77 78
85%
3 x 3 9
85%
80 : 8 10
84%
98 + 10 108
84%
8 + 3 11
84%
6 x 2 12
84%
9 x 2 18
84%
3 x 8 24
84%
100 : 4 25
84%
9 : 3 3
84%
33 + 3 36
84%
11 - 7 4
84%
48 - 6 42
84%
33 + 10 43
84%
100 : 20 5
84%
6 x 10 60
84%
32 x 2 64
84%
88 - 9 79
84%
11 - 2 9
84%
131 - 30 101
83%
3 x 4 12
83%
98 + 22 120
83%
64 + 64 128
83%
2 + 13 15
83%
8 + 8 16
83%
8 x 2 16
83%
11 + 7 18
83%
12 x 2 24
83%
4 x 6 24
83%
100 : 4 25
83%
27 - 1 26
83%
64 : 2 32
83%
5 + 29 34
83%
50 - 8 42
83%
9 x 5 45
83%
46 + 5 51
83%
2 + 69 71
83%
30 - 22 8
83%
6 + 3 9
83%
11 - 11 0
82%
120 : 10 12
82%
6 + 6 12
82%
8 + 6 14
82%
100 : 50 2
82%
6 : 3 2
82%
13 + 7 20
82%
4 x 5 20
82%
8 x 3 24
82%
9 x 3 27
82%
6 x 5 30
82%
5 x 8 40
82%
100 : 2 50
82%
71 - 2 69
82%
5 + 2 7
82%
11 - 3 8
82%
8 x 11 88
82%
18 : 2 9
82%
1 + 9 10
81%
98 + 6 104
81%
8 + 4 12
81%
12 x 10 120
81%
6 + 8 14
81%
147 - 7 140
81%
5 x 3 15
81%
8 + 7 15
81%
30 - 15 15
81%
6 x 3 18
81%
6 - 4 2
81%
3 x 7 21
81%
30 - 9 21
81%
5 + 22 27
81%
11 - 8 3
81%
1 + 29 30
81%
2 + 29 31
81%
5 x 7 35
81%
50 - 6 44
81%
56 - 1 55
81%
24 : 4 6
81%
3 x 20 60
81%
5 + 66 71
81%
9 x 9 81
81%
33 + 55 88
81%
3 x 33 99
81%
100 : 10 10
80%
100 : 10 10
80%
98 + 2 100
80%
98 + 7 105
80%
6 + 7 13
80%
3 x 5 15
80%
15 + 150 165
80%
8 + 9 17
80%
3 x 6 18
80%
147 + 40 187
80%
3 - 1 2
80%
4 : 2 2
80%
1 + 22 23
80%
6 x 4 24
80%
44 + 204 248
80%
3 x 9 27
80%
3 x 1000 3000
80%
6 x 6 36
80%
33 + 6 39
80%
6 + 38 44
80%
12 - 7 5
80%
100 : 20 5
80%
27 + 25 52
80%
11 - 5 6
80%
50 - 44 6
80%
78 - 4 74
80%
11 x 7 77
80%
4 x 20 80
80%
3 x 30 90
80%
30 : 3 10
79%
98 + 12 110
79%
44 + 66 110
79%
8 +102 110
79%
8 + 5 13
79%
6 + 9 15
79%
29 - 14 15
79%
11 - 9 2
79%
11 - 9 2
79%
8 + 12 20
79%
30 : 10 3
79%
99 : 33 3
79%
8 + 22 30
79%
50 - 19 31
79%
14 + 18 32
79%
5 + 31 36
79%
100 : 25 4
79%
30 : 5 6
79%
15 x 4 60
79%
51 + 15 66
79%
20 -13 7
79%
44 + 44 88
79%
1 + 98 99
79%
98 + 1 99
79%
134 - 34 100
78%
98 + 3 101
78%
5 + 97 102
78%
98 + 8 106
78%
33 + 77 110
78%
50 - 38 12
78%
6 + 11 17
78%
131 + 44 175
78%
9 x 200 1800
78%
12 + 7 19
78%
18 : 9 2
78%
12 + 192 204
78%
37 - 11 26
78%
37 - 9 28
78%
131 - 101 30
78%
3 x 100 300
78%
12 x 3 36
78%
4 x 9 36
78%
19 + 19 38
78%
3 x 15 45
78%
15 x 3 45
78%
4 x 12 48
78%
30 : 6 5
78%
36 + 15 51
78%
36 : 6 6
78%
33 + 33 66
78%
11 - 4 7
78%
44 + 33 77
78%
5 + 78 83
78%
30 - 21 9
78%
9 x 11 99
78%
147 - 47 100
77%
98 + 4 102
77%
6 + 5 11
77%
147 - 22 125
77%
147 - 11 136
77%
147 - 9 138
77%
44 + 104 148
77%
30 - 13 17
77%
141 + 47 188
77%
30 - 11 19
77%
30 - 8 22
77%
8 +15 23
77%
6 : 2 3
77%
17 + 14 31
77%
99 : 3 33
77%
9 x 4 36
77%
26 + 11 37
77%
78 - 74 4
77%
80 : 20 4
77%
33 + 7 40
77%
8 x 5 40
77%
6 x 7 42
77%
33 + 12 45
77%
6 x 9 54
77%
6 + 48 54
77%
6 x 9 54
77%
8 + 58 66
77%
88 - 21 67
77%
74 - 4 70
77%
24 : 3 8
77%
32 : 4 8
77%
9 + 79 88
77%
12 - 3 9
77%
6 + 98 104
76%
28 : 2 14
76%
8 + 11 19
76%
24 : 12 2
76%
50 - 21 29
76%
4 x 8 32
76%
46 - 8 38
76%
28 : 7 4
76%
33 + 9 42
76%
66 - 15 51
76%
48 : 8 6
76%
33 + 44 77
76%
32 : 4 8
76%
33 + 66 99
76%
44 + 55 99
76%
98 + 5 103
75%
98 + 9 107
75%
6 + 138 144
75%
66 - 51 15
75%
80 : 4 20
75%
100 : 5 20
75%
131 + 121 252
75%
24 : 8 3
75%
5 x 60 300
75%
33 + 5 38
75%
50 - 7 43
75%
150 x 3 450
75%
51 - 5 46
75%
6 x 8 48
75%
51 - 46 5
75%
5 x 111 555
75%
48 : 8 6
75%
42 : 6 7
75%
9 x 8 72
75%
37 + 37 74
75%
80 : 10 8
75%
36 : 4 9
75%
99 : 11 9
75%
9 x 100 900
75%
8 + 96 104
74%
30 - 19 11
74%
98 + 17 115
74%
147 + 9 156
74%
100 : 5 20
74%
98 - 70 28
74%
8 x 4 32
74%
5 x 80 400
74%
50 - 9 41
74%
5 + 41 46
74%
88 - 41 47
74%
44 + 11 55
74%
2 + 71 73
74%
8 + 67 75
74%
52 + 25 77
74%
23 + 65 88
74%
131 - 32 99
74%
15 + 88 103
73%
99: 9 11
73%
8 + 106 114
73%
30 - 17 13
73%
44 + 99 143
73%
75 : 25 3
73%
50 - 17 33
73%
88 - 53 35
73%
100 : 25 4
73%
33 + 8 41
73%
12 x 4 48
73%
6 x 8 48
73%
77 - 25 52
73%
9 x 6 54
73%
8 x 7 56
73%
15 x 5 75
73%
4 + 74 78
73%
37 - 28 9
73%
88 + 9 97
73%
147 + 22 169
72%
64 : 32 2
72%
77 - 52 25
72%
4 x 7 28
72%
4 x 7 28
72%
50 - 18 32
72%
54 : 9 6
72%
8 x 8 64
72%
48 : 6 8
72%
53 + 35 88
72%
98 - 87 11
71%
98 + 14 112
71%
147 + 47 194
71%
36 : 9 4
71%
32 : 8 4
71%
29 + 14 43
71%
8 x 6 48
71%
120 : 20 6
71%
88 - 23 65
71%
88 - 19 69
71%
15 + 62 77
71%
25 + 52 77
71%
4 x 21 84
71%
5 + 88 93
71%
88 : 8 11
70%
8 + 104 112
70%
147 - 24 123
70%
5 + 126 131
70%
8 x 20 160
70%
147 + 17 164
70%
120 : 6 20
70%
44 + 166 210
70%
52 - 25 27
70%
43 - 14 29
70%
88 - 47 41
70%
6 x 7 42
70%
15 + 33 48
70%
9 x 7 63
70%
16 x 4 64
70%
4 x 16 64
70%
5 x 13 65
70%
12 x 6 72
70%
98 - 22 76
70%
88 : 11 8
70%
98 - 14 84
70%
15 + 92 107
69%
141 + 117 258
69%
45 : 15 3
69%
3 x 150 450
69%
8 x 9 72
69%
67 + 21 88
69%
47 + 47 94
69%
120 : 12 10
68%
75 : 5 15
68%
15 x 10 150
68%
32 : 8 4
68%
131 - 126 5
68%
42 : 7 6
68%
5 x 15 75
68%
64 : 8 8
68%
88 - 79 9
68%
15 x 6 90
68%
37 - 26 11
67%
131 - 116 15
67%
98 - 77 21
67%
147 + 99 246
67%
75 : 3 25
67%
12 x 5 60
67%
18 + 55 73
67%
147 - 26 121
66%
147 + 35 182
66%
28 : 14 2
66%
51 - 15 36
66%
64 : 16 4
66%
18 + 53 71
66%
39 + 67 106
65%
15 x 8 120
65%
32 x 4 128
65%
98 + 36 134
65%
43 - 29 14
65%
51 - 36 15
65%
55 x 3 165
65%
204 - 12 192
65%
98 + 102 200
65%
98 + 122 220
65%
88 - 65 23
65%
131 - 106 25
65%
75 : 15 5
65%
98 - 35 63
65%
98 - 33 65
65%
28 : 4 7
65%
54 : 6 9
65%
44 + 77 121
64%
12 x 11 132
64%
12 x 12 144
64%
88 - 67 21
64%
48 : 6 8
64%
12 x 8 96
64%
85 + 74 159
63%
88 - 69 19
63%
147 + 147 294
63%
131 - 96 35
63%
8 x 12 96
63%
15 x 7 105
62%
147 - 33 114
62%
65 x 3 195
62%
3 x 65 195
62%
88 - 35 53
62%
56 + 65 121
61%
44 + 88 132
61%
15 x 11 165
61%
33 + 258 291
61%
6 x 13 78
61%
73 - 18 55
60%
77 + 29 106
59%
147 - 28 119
59%
8 x 15 120
59%
15 x 9 135
59%
98 + 53 151
59%
147 + 53 200
59%
52 - 27 25
59%
147 - 99 48
59%
98 - 39 59
59%
12 x 7 84
59%
12 x 9 108
58%
71 - 18 53
58%
147 - 53 94
58%
258 - 141 117
57%
71 - 53 18
57%
131 + 78 209
57%
147 + 66 213
57%
44 + 177 221
57%
131 + 98 229
57%
128 : 4 32
57%
98 + 253 351
57%
131 - 91 40
57%
98 - 37 61
57%
13 x 6 78
56%
3 x 26 78
56%
26 x 3 78
56%
131 - 36 95
56%
258 - 117 141
55%
80 : 5 16
55%
74 + 86 160
55%
15 x 12 180
55%
8 x 13 104
54%
64 + 79 143
54%
8 x 21 168
54%
78 : 26 3
53%
128 : 32 4
53%
155 x 3 465
53%
64 :4 16
52%
106 - 39 67
52%
73 - 55 18
51%
106 - 29 77
50%
8 x 16 128
48%
78 : 6 13
48%
131 - 76 55
48%
8 x 14 112
47%
106 - 77 29
47%
78 : 13 6
47%
128 : 16 8
47%
159 - 74 85
47%
15 x 14 210
46%
106 - 67 39
46%
80 : 16 5
46%
456 + 198 654
46%
7 x 22 154
45%
120 : 5 24
45%
654 - 198 456
45%
16 x 8 128
44%
15 x 13 195
44%
128 : 8 16
43%
131 - 46 85
43%
120 : 8 15
42%
589 + 195 784
42%
654 - 456 198
41%
131 - 86 45
41%
120 : 24 5
41%
195 + 589 784
41%
120 : 15 8
40%
15 x 15 225
39%
78 : 3 26
39%
198 + 456 654
39%
131 - 78 53
38%
131 - 66 65
38%
147 - 74 73
37%
131 - 56 75
36%
154 : 22 7
35%
784 - 195 589
34%
159 - 85 74
33%
784 - 589 195
31%
5 x 175 875
25%
12 x 112 1 344
15%
45 x 45 2 025
12%
154 : 2 22
1%
Aucun quiz correspondant
Distribution des résultats
% des personnes avec chaque résultat
Percentile par nombre de réponses
Votre historique - résultats
Vous n’avez pas pris ce quiz